Czy rozpoznasz kluby po opisie? - Statystyki

Ogólne statystyki
  • Ten quiz został rozwiązany 136 razy
  • Średni wynik to 6 z 12
Statystyki odpowiedzi
OPIS KLUB % Poprawnych
Klub ten jest najbardziej utytułowanym zespołem na starym kontynencie. 13 razy wygrał ligę mistrzów. Real Madrid Club de Fútbol
100%
Jako beniaminek wygrał ligę angielską w 2016 roku. Ich pseudonim to "lisy" Leicester City Football Club
91%
W tym zespole występowało słynne na całym świecie polskie trio. Ostatnie mistrzostwo zdobyli w 2012 roku. Ballspielverein Borussia 09 Dortmund e.V
84%
W najwyższej klasie rozgrywkowej zadebiutowali w 1965 roku. Najbardziej utytułowany niemiecki klub. Fußball-Club Bayern München
68%
"The Gunners" 13 razy wygrywali mistrzostwo kraju oraz są najdłużej utrzymującym się klubem w najwyższej klasie rozgrywkowej. Arsenal F.C.
58%
"Górnicy" 14 razy wygrywali ligę, ćwierćfinaliści Pucharu Mistrzów. Górnik Zabrze
58%
Biancocellesti wygrali ligę 2 razy. W tym sezonie walczą o 3 Scudetto. Aktualni zdobywcy Superpucharu. Società Sportiva Lazio
53%
5-krotny zdobywca Ligi Mistrzów. Znajduje się w elitarnym gronie zespołów z potrójną koroną. Azulgrana ligę wygrałą aż 26 razy. FC Barcelona
44%
Klub założony w 1970 roku. Nigdy nie wygrali Ligi Mistrzów UEFA. Wygrali Superpuchar kraju 7 razy z rzędu. Paris Saint-Germain Football Club
29%
Biancazzurri mimo, że w nazwie mają 2013 to powstali tak naprawdę w 1907 roku. Società Polisportiva Ars et Labor 2013
15%
"Blucherchiati" mieli niegdyś w swoich szeregach słynnego Roberto Manciniego,czy Gianluca Vialli. Teraz w ich barwach występuje Fabio Quagliarella. UC Sampdoria
8%
Zespół Luigiego Apolloniego gra na Stadio Ennio Tardini. Gialloblu nigdy nie wygrali scudetto. Parma Calcio 1913
2%
Nie znaleziono quizów pasujących do podanych kryteriów
Rozkład punktacji
Procent ludzi z każdym wynikiem
Percentyl według liczby udzielonych odpowiedzi
Twoja historia wyników
Nie rozwiązałeś tego quizu